Německo deset let poté

Proces zjednocovania Nemecka, bilancia po desiatich rokoch. Oblasti vyrovnávania východonemeckej a západonemeckej časti. Základné ekonomické ukazovatele.

Salvato in:
Dettagli Bibliografici
Natura: Capitolo di libro
Lingua:ceco
Soggetti:
Tags: Aggiungi Tag
Nessun Tag, puoi essere il primo ad aggiungerne!!

MARC

LEADER 00000naa a2200000 4500
001 r039641
005 20230920101227.7
041 0 |a cze 
044 |a CZ 
245 1 0 |a Německo deset let poté 
520 |a Proces zjednocovania Nemecka, bilancia po desiatich rokoch. Oblasti vyrovnávania východonemeckej a západonemeckej časti. Základné ekonomické ukazovatele. 
610 2 0 |a vývoj hospodársky 
610 2 0 |a Nemecko 
610 2 0 |a vyrovnávanie hospodárske 
610 2 0 |a ukazovatele ekonomické 
610 2 0 |a produkt domáci hrubý